Statistics for FC 24 TOTW 3

Click here to take the quiz!

General Stats

  • This quiz has been taken 6 times
  • The average score is 6 of 18

Answer Stats

ratposclubplayer% Correct
TOTW87CAMReal MadridJude Bellingham
80%
TOTW88STInter MilanLautaro Martínez
80%
TOTW88CMArsenalMartin Ødegaard
80%
TOTW85STAston VillaOllie Watkins
80%
TOTW86LWBBayer LeverkusenÁlex Grimaldo
60%
TOTW87LWNapoliKhvicha Kvaratskhelia
60%
TOTW81STBorussia MonchengladbachAlassane Plea
40%
TOTW82CBCrystal PalaceJoachim Andersen
40%
TOTW81STUD AlmeríaLuis Suárez
40%
TOTW80GKClermont FootMory Diaw
20%
TOTW82RMBolognaRiccardo Orsolini
20%
TOTW80LMMiddlesbroughRiley McGree
20%
TOTW84CBRoyal AntwerpToby Alderweireld
20%
TOTW81RBPSV EindhovenJordan Teze
0%
TOTW81RWBayer Leverkusen WomenKarólína Lea Vilhjálmsdóttir
0%
TOTW80LWBMolde FKKristoffer Haugen
0%
TOTW85STMadrid CFFRacheal Kundananji
0%
TOTW80RMAdana DemirsporYusuf Sarı
0%

Score Distribution

Percentile by Number Answered

Percent of People with Each Score

Your Score History

You have not taken this quiz